000
00243nam a22000857a 4500
008
160831b xxu||||| |||| 00| 0 eng d
100
_9
265
_a
Siromani, A., et al
245
_a
Science Ahead - 7
260
_a
New Delhi
_b
Orient Longman publication
_c
2007
999
_c
2923
_d
2923